| 000 | 00632nam a22002057a 4500 | ||
|---|---|---|---|
| 999 |
_c12044 _d12044 |
||
| 003 | AR-CdUCM | ||
| 008 | 190405b ||||| |||| 00| 0 spa d | ||
| 040 |
_aMUNICIPALIDAD PROVINCIAL DEL CUSCO _cBIBLIOTECA MUNICIPAL DEL CUSCO |
||
| 082 |
_a869.56 / _bR98 |
||
| 100 |
_aRuzo, Daniel _929703 |
||
| 245 | _aAsí ha cantado la naturaleza / | ||
| 260 |
_aLima : _bLa opinión nacional, _c1920. |
||
| 300 |
_a163 paginas ; _bIlustraciones. _c18 cm. |
||
| 505 | _aContenido :Poesía / | ||
| 650 |
_aSiglo XX _98 |
||
| 650 |
_aLiteratura peruana _9169 |
||
| 650 |
_aPoesías _943911 |
||
| 942 |
_2ddc _cLIBROS |
||
| 945 |
_arjall _d2019-04-05 |
||